All Friday the 13th, Nightmare on Elm Street, and Halloween Movies - Statistics

General Stats
  • This quiz has been taken 1,044 times
    888 since last reset
  • The average score is 21 of 33
Answer Stats
Year Film % Correct
1978 Halloween
97%
2007 Halloween
97%
2018 Halloween
97%
1980 Friday the 13th
94%
2009 Friday the 13th
94%
1984 A Nightmare on Elm Street
93%
2010 A Nightmare on Elm Street
93%
1981 Halloween II
88%
2009 Halloween II
88%
1981 Friday the 13th Part 2
79%
1982 Friday the 13th Part III
74%
2003 Freddy vs. Jason
72%
2022 Halloween Ends
72%
2021 Halloween Kills
70%
1998 Halloween H20: 20 Years Later
64%
2002 Jason X
64%
1989 Friday the 13th Part VIII: Jason Takes Manhattan
58%
1987 A Nightmare on Elm Street 3: Dream Warriors
56%
1982 Halloween III: Season of the Witch
56%
1993 Jason Goes to Hell: The Final Friday
56%
1986 Friday the 13th Part VI: Jason Lives
54%
1995 Halloween: The Curse of Michael Myers
51%
1988 Halloween 4: The Return of Michael Myers
50%
1994 Wes Craven's New Nightmare
49%
1984 Friday the 13th: The Final Chapter
47%
2002 Halloween: Resurrection
47%
1985 A Nightmare on Elm Street 2: Freddy's Revenge
45%
1989 A Nightmare on Elm Street 5: The Dream Child
43%
1989 Halloween 5: The Revenge of Michael Myers
42%
1985 Friday the 13th: A New Beginning
41%
1988 Friday the 13th Part VII: The New Blood
39%
1991 Freddy's Dead: The Final Nightmare
38%
1988 A Nightmare on Elm Street 4: The Dream Master
34%
No matching quizzes found
Score Distribution
Percent of People with Each Score
Percentile by Number Answered
Your Score History
You have not taken this quiz since the last reset